EA FC 26 Icons - Statistics

General Stats
  • This quiz has been taken 117 times
    104 since last reset
  • The average score is 84 of 124
Answer Stats
OVR Country Position Answer % Correct
95 Brazil CAM Pele
97%
94 Brazil ST Ronaldo Nazario
97%
95 Argentina CAM Diego Maradona
95%
93 Brazil LW Ronaldinho
95%
94 France CAM Zinedine Zidane
94%
92 Spain CM Andres Iniesta
89%
88 England RM David Beckham
89%
92 Hungary ST Ferenc Puskas
89%
93 Netherlands CAM Johan Cruyff
89%
92 Italy CB Paolo Maldini
88%
90 Brazil LB Roberto Carlos
88%
91 Sweden ST Zlatan Ibrahimovic
88%
92 Germany ST Gerd Muller
86%
92 Russia GK Lev Yashin
86%
91 Netherlands ST Marco Van Basten
86%
90 Spain CM Xavi Hernandez
86%
91 Brazil RB Cafu
83%
91 Portugal ST Eusebio
83%
89 Germany RB Lahm
83%
89 Ivory Coast ST Dider Drogba
81%
90 Northern Ireland RW George Best
81%
91 Italy GK Gianluigi Buffon
81%
88 England CM Steven Gerrard
81%
90 Italy CM Andrea Pirlo
80%
92 Brazil RW Garrincha
80%
90 Spain GK Iker Casillas
80%
93 USA ST Mia Hamm
80%
91 Germany GK Oliver Kahn
80%
90 Netherlands CAM Ruud Gullit
80%
92 Germany CB Beckenbauer
78%
88 Czech Republic GK Petr Cech
78%
88 England ST Wayne Rooney
78%
91 Brazil RB Carlos Alberto
77%
89 Scotland ST Dalglish
77%
87 England CM Frank Lampard
77%
86 Mexico ST Luis Hernandez
77%
91 France ST Thierry Henry
77%
89 Spain CB Carles Puyol
75%
91 Italy CB Franco Baresi
75%
90 Brazil LW Rivaldo
75%
89 Cameroon ST Samuel Eto'o
75%
89 Argentina RB Zanetti
75%
88 Wales RW Gareth Bale
73%
90 Germany CM Lothar Matthaus
73%
89 Portugal RW Luis Figo
73%
89 Brazil LB Marcelo
73%
88 Czech Republic LM Pavel Nedved
73%
90 Spain ST Raul
73%
87 Croatia ST Suker
73%
92 England CAM Bobby Charlton
72%
90 England CB Bobby Moore
72%
88 Romania CAM Hagi
72%
89 Mexico ST Hugo Sanchez
72%
86 Ghana CDM Michael Essien
72%
88 France CM Patrick Vieira
72%
88 England CM Paul Scholes
72%
87 France LM Pires
72%
90 Italy CAM Del Piero
70%
86 Ireland CM Roy Keane
70%
87 Serbia CB Vidic
70%
86 Italy RB Zambrotta
70%
86 England LB Ashley Cole
69%
89 Italy CB Fabio Cannavaro
69%
87 Spain ST Fernando Torres
69%
89 Brazil CAM Kaka
69%
88 Ukraine ST Shevchenko
69%
87 Wales ST Ian Rush
67%
88 Netherlands CB Koeman
67%
89 Italy CB Nesta
67%
88 England CB Rio Ferdinand
67%
91 Italy CAM Roberto Baggio
67%
88 Netherlads ST Robin Van Persie
67%
89 Denmark GK Schmeichel
67%
89 Bulgaria ST Stoichkov
67%
87 England LW Barnes
66%
91 USA ST Alex Morgan
64%
88 Netherlands GK Edwin Van Der Sar
64%
88 Spain CB Fernando Hierro
64%
86 Italy CDM Gattuso
64%
88 Argentina CAM Riquelme
64%
91 Japan CM Sawa
64%
86 Argentina CM Veron
64%
91 Brazil CAM Arthur Zico
63%
88 Germany CM Bastian Schweinsteiger
63%
87 France CDM Emmanuel Petit
63%
88 France LM Franck Ribery
63%
89 Brazil RW Jairzinho
63%
88 Denmark CAM Laudrup
63%
87 France CDM Makelele
63%
87 Netherlands CDM Rijkaard
63%
89 England ST Gary Lineker
61%
86 Sweden ST Larsson
61%
89 Brazil CAM Socrates
61%
90 Netherlands CAM Dennis Bergkamp
59%
88 France CB Laurent Blanc
59%
89 England ST Alex Shearer
58%
88 France RB Lillian Thuram
58%
89 Netherlands ST Ruud Van Nistelrooy
58%
86 Argentina ST Crespo
56%
88 France CB Desailly
56%
88 Germany ST Klose
56%
88 England ST Michael Owen
56%
87 Spain CDM Xabi Alonso
56%
89 Spain ST Butragueno
55%
92 Germany GK Angerer
52%
92 Germany ST Brigit Prinz
52%
86 England CB Sol Campbell
52%
87 Italy ST Zola
52%
87 Netherlands ST Patrick Kluivert
50%
90 Germany CM Toni Kroos
50%
89 Italy ST Francesco Totti
47%
88 Italy CB Giorgio Chiellini
47%
87 England ST Ian Wright
45%
86 Brazil CAM Sissi
42%
86 South Korea ST Cha Bum Kun
39%
89 France ST Eric Cantona
39%
90 Japan LM Miyama
39%
89 England ST Smith
38%
90 France CM Abily
36%
90 Sweden ST Schelin
34%
89 Germany CB Steffi Jones
34%
90 Sweden CM Caroline Seger
33%
90 USA CM Foudy
30%
88 France ST Pichon
23%
No matching quizzes found
Score Distribution
Percent of People with Each Score
Percentile by Number Answered
Your Score History
You have not taken this quiz since the last reset